|
|
|
|
| LEADER |
00651nnm a2200193 i 4500 |
| 001 |
eta4256 |
| 005 |
20201207102544.0 |
| 008 |
201207s2020 hu o 0|| fre d |
| 040 |
|
|
|a SZTE Elektronikus Tananyag Archívum
|b hun
|
| 041 |
|
|
|a fre
|
| 100 |
1 |
|
|a Szász Géza
|
| 245 |
1 |
0 |
|a L'essor du XIIe siecle, 1075-1180
|h [elektronikus dokumentum] /
|c Szász Géza
|
| 260 |
|
|
|c 2020-12-07
|
| 516 |
|
|
|a Presentation
|
| 650 |
|
4 |
|a Bölcsészettudományok
|
| 650 |
|
4 |
|a Történettudomány és régészet
|
| 650 |
|
4 |
|a Történettudomány
|
| 650 |
|
4 |
|a Középkori történelem
|
| 856 |
4 |
0 |
|u https://eta.bibl.u-szeged.hu/4256/1/ESSOR12Imagesetson.pptx
|z Dokumentum-elérés
|